All Canada Univerities - Statistics

General Stats
  • This quiz has been taken 80 times
  • The average score is 29 of 83
Answer Stats
Province/Territory University Name % Correct
British Columbia University of British Columbia
89%
Ontario University of Toronto
83%
Alberta University of Alberta
81%
Quebec Université du Québec à Montréal
78%
Quebec McGill University
70%
Quebec Université de Montréal
70%
Quebec École Polytechnique de Montréal
67%
Quebec HEC Montréal
67%
Alberta University of Calgary
67%
New Brunswick University of New Brunswick
67%
Quebec Université du Québec à Trois-Rivières
65%
Quebec Université du Québec à Chicoutimi
63%
Manitoba University of Manitoba
63%
Ontario University of Waterloo
63%
Ontario Ontario College of Art and Design University
59%
Ontario Ontario Tech University
59%
Ontario Université de l'Ontario français
59%
Quebec Université du Québec à Rimouski
59%
Quebec Université du Québec en Abitibi-Témiscamingue
59%
Saskatchewan University of Saskatchewan
59%
Quebec Université du Québec en Outaouais
57%
British Columbia University of Victoria
57%
Ontario University of Ottawa
56%
Ontario York University
54%
British Columbia Simon Fraser University
52%
Prince Edward Island University of Prince Edward Island
52%
Manitoba University of Winnipeg
52%
Saskatchewan University of Regina
50%
Ontario Queen's University at Kingston
48%
Ontario Carleton University
46%
Ontario Ryerson University
46%
Nova Scotia Dalhousie University
43%
Newfoundland and Labrador[edit] Memorial University of Newfoundland
43%
Quebec Université Laval
43%
Ontario McMaster University
39%
Ontario University of Guelph
37%
Ontario University of Windsor
37%
Quebec Concordia University
35%
Ontario University of Western Ontario
35%
Alberta University of Lethbridge
33%
Nova Scotia Nova Scotia College of Art and Design University
31%
British Columbia University of Northern British Columbia
31%
Nova Scotia Acadia University
28%
Ontario Brock University
26%
New Brunswick Université de Moncton
26%
Quebec Université de Sherbrooke
26%
Ontario Wilfrid Laurier University
26%
Manitoba Brandon University
24%
Ontario Laurentian University
22%
British Columbia Capilano University
20%
British Columbia Thompson Rivers University
20%
Quebec Bishop's University
19%
Ontario Lakehead University
19%
Ontario Nipissing University
19%
Ontario Trent University
19%
British Columbia University of the Fraser Valley
19%
British Columbia Vancouver Island University
19%
Ontario Algoma University
17%
Nova Scotia Cape Breton University
17%
British Columbia Emily Carr University of Art and Design
17%
Alberta Athabasca University
15%
New Brunswick Mount Allison University
15%
Alberta Mount Royal University
15%
Saskatchewan First Nations University of Canada
13%
British Columbia Kwantlen Polytechnic University
13%
Alberta MacEwan University
13%
British Columbia Royal Roads University
13%
Nova Scotia Saint Mary's University
13%
British Columbia Trinity Western University
13%
New Brunswick St. Thomas University
9%
Ontario Dominican University College
7%
Nova Scotia Saint Francis Xavier University
7%
Nova Scotia University of King's College
7%
Manitoba Université de Saint-Boniface
6%
Nova Scotia Mount Saint Vincent University
4%
Ontario Royal Military College of Canada
4%
Quebec École de technologie supérieure
2%
Ontario Huron University College
2%
Ontario Saint Paul University
2%
Nova Scotia Université Sainte-Anne
2%
Quebec École nationale d'administration publique
0%
Quebec Institut national de la recherche scientifique
0%
Manitoba University College of the North
0%
No matching quizzes found
Score Distribution
Percent of People with Each Score
Percentile by Number Answered
Your Score History
You have not taken this quiz